[Event "GER-ch 2013-D-V3-M serv"]
[Site "GER email"]
[Date "2013.10.20"]
[Round "?"]
[White "Bars, Joachim"]
[Black "Gonschior, Manfred"]
[Result "1/2-1/2"]
[WhiteElo "2142"]
[BlackElo "2120"]
[PlyCount "78"]
[EventDate "2013.10.20"]
[EventType "tourn (corr)"]
[EventRounds "6"]
[EventCountry "GER"]
[SourceTitle "Corr 2015"]
[Source "ChessBase"]
[SourceDate "2015.07.17"]
[SourceVersion "1"]
[SourceVersionDate "2015.07.17"]
[SourceQuality "1"]

1. d4 d5 2. c4 e6 3. Nf3 Nf6 4. Nc3 c6 5. e3 Nbd7 6. Qc2 Bd6 7. Bd3 0-0 8. 0-0 dxc4 9. Bxc4 a6 10. Rd1 b5 11. Bd3 Bb7 12. Ng5 h6 13. Nge4 Be7 14. a3 Qb6 15. b4 a5 16. Rb1 axb4 17. axb4 Rfd8 18. Be2 Nd5 19. Nc5 Nxc3 20. Qxc3 Nxc5 21. dxc5 Rxd1+ 22. Bxd1 Qc7 23. Qc2 Bf6 24. Bb2 Bxb2 25. Qxb2 e5 26. Bb3 Rd8 27. Qc2 Qe7 28. Ra1 e4 29. Ra7 Rd7 30. Qe2 Bc8 31. Ra8 Rd8 32. Qa2 Kh7 33. h3 Qe5 34. Qb1 f6 35. Qc2 Qf5 36. Qc1 Qg6 37. Kf1 h5 38. Ra7 Qe8 39. Qa1 Kh6 1/2-1/2

[Event "GER-ch44 V02 email"]
[Site "GER email"]
[Date "2013.??.??"]
[Round "?"]
[White "Gonschior, Manfred"]
[Black "Ax, Paul"]
[Result "1-0"]
[WhiteElo "2131"]
[BlackElo "2087"]
[PlyCount "87"]
[EventDate "2012.??.??"]
[EventType "tourn (corr)"]
[EventRounds "10"]
[EventCountry "GER"]
[SourceTitle "Corr 2015"]
[Source "ChessBase"]
[SourceDate "2015.07.17"]
[SourceVersion "1"]
[SourceVersionDate "2015.07.17"]
[SourceQuality "1"]

1. e4 e6 2. d4 d5 3. Nd2 Nf6 4. e5 Nfd7 5. f4 c5 6. c3 Nc6 7. Ndf3 Qb6 8. g3 cxd4 9. cxd4 Bb4+ 10. Kf2 f6 11. Kg2 0-0 12. Bd3 Be7 13. a3 Kh8 14. Ne2 fxe5 15. dxe5 Nc5 16. Bb1 Nb3 17. Ra2 Nxc1 18. Qxc1 Bd7 19. h4 Rac8 20. Qd2 g6 21. b4 a6 22. Rc2 Rf7 23. Nc3 Rg7 24. Na4 Qd8 25. Nc5 Rc7 26. Nxd7 Rxd7 27. Rc3 Nxb4 28. Nd4 Qg8 29. h5 gxh5 30. f5 Nc6 31. f6 Rg5 32. Nxc6 bxc6 33. fxe7 Rxe7 34. Rf3 Qg7 35. Rf8+ Qxf8 36. Qxg5 Rf7 37. Rxh5 Qe7 38. Qg6 c5 39. Rh6 Qb7 40. Bc2 c4 41. Qg4 Rg7 42. Qf3 d4 43. Be4 Rxg3+ 44. Qxg3 1-0

[Event "GER-ch 2013-D-V3 serv"]
[Site "GER email"]
[Date "2013.??.??"]
[Round "?"]
[White "Gonschior, Manfred"]
[Black "Bartsch, Reinhard"]
[Result "1-0"]
[WhiteElo "2048"]
[BlackElo "1640"]
[PlyCount "62"]
[EventDate "2013.10.20"]
[EventType "tourn (corr)"]
[EventRounds "6"]
[EventCountry "GER"]
[SourceTitle "Corr 2015"]
[Source "ChessBase"]
[SourceDate "2015.07.17"]
[SourceVersion "1"]
[SourceVersionDate "2015.07.17"]
[SourceQuality "1"]

1. e4 e5 2. Nf3 Nc6 3. d4 exd4 4. Nxd4 Nf6 5. Nxc6 dxc6 6. Qxd8+ Kxd8 7. Nc3 Bd6 8. f3 Ke7 9. Be3 Re8 10. Bd3 Kf8 11. a4 Bb4 12. Kf2 Nd7 13. a5 Bxc3 14. bxc3 b6 15. g4 b5 16. h4 Ne5 17. g5 a6 18. Bd4 f5 19. Rae1 Nxd3+ 20. cxd3 Kg8 21. g6 h6 22. h5 Bd7 23. e5 Be6 24. Bc5 Rad8 25. d4 Bd5 26. Ke3 Bc4 27. Kf4 Be6 28. Rb1 Rd7 29. Rhc1 Rdd8 30. c4 Bxc4 31. Rxc4 bxc4 1-0

[Event "GER-ch 2013-E-V3 serv"]
[Site "GER email"]
[Date "2013.??.??"]
[Round "?"]
[White "Gonschior, Manfred"]
[Black "Gierth, Karlheinz"]
[Result "1/2-1/2"]
[WhiteElo "2048"]
[BlackElo "2091"]
[PlyCount "73"]
[EventDate "2013.11.15"]
[EventType "tourn (corr)"]
[EventRounds "6"]
[EventCountry "GER"]
[SourceTitle "Corr 2015"]
[Source "ChessBase"]
[SourceDate "2015.07.17"]
[SourceVersion "1"]
[SourceVersionDate "2015.07.17"]
[SourceQuality "1"]

1. e4 c6 2. d4 d5 3. Nd2 dxe4 4. Nxe4 Bf5 5. Ng3 Bg6 6. h4 h6 7. Nf3 Nd7 8. h5 Bh7 9. Bd3 Bxd3 10. Qxd3 e6 11. Bf4 Qa5+ 12. Bd2 Bb4 13. Ne4 Ngf6 14. Nd6+ Ke7 15. Nc4 Bxd2+ 16. Nfxd2 Qc7 17. Ne4 Nxe4 18. Qxe4 Rhd8 19. 0-0-0 Kf8 20. Ne5 Nxe5 21. dxe5 Qa5 22. a3 Kg8 23. f4 Rd5 24. c4 Rc8 25. Qc2 Rdd8 26. Rd6 Rxd6 27. exd6 Qc5 28. Qd3 Rd8 29. Rd1 Qxh5 30. g3 b6 31. Qe4 Qg4 32. Qxc6 Qxg3 33. Kc2 Qxf4 34. Qc7 Qe4+ 35. Rd3 Qa8 36. d7 Qg2+ 37. Kc3 1/2-1/2

[Event "GER-ch44 V02 email"]
[Site "GER email"]
[Date "2013.??.??"]
[Round "?"]
[White "Gonschior, Manfred"]
[Black "Marquardt, Guenter"]
[Result "1-0"]
[WhiteElo "2048"]
[BlackElo "2132"]
[PlyCount "103"]
[EventDate "2012.??.??"]
[EventType "tourn (corr)"]
[EventRounds "10"]
[EventCountry "GER"]
[SourceTitle "Corr 2015"]
[Source "ChessBase"]
[SourceDate "2015.07.17"]
[SourceVersion "1"]
[SourceVersionDate "2015.07.17"]
[SourceQuality "1"]

1. e4 c5 2. Nf3 d6 3. d4 cxd4 4. Nxd4 Nf6 5. Nc3 a6 6. Bc4 e6 7. Bb3 Nbd7 8. 0-0 Nc5 9. Re1 Be7 10. Qf3 0-0 11. a3 Bd7 12. Ba2 Rc8 13. b4 Na4 14. Nxa4 Bxa4 15. c4 Nd7 16. Be3 Qc7 17. Rac1 Bf6 18. Qe2 b6 19. f4 h6 20. Qd2 Rfe8 21. f5 Kh7 22. fxe6 fxe6 23. Rf1 Qd8 24. h3 Qe7 25. Nf3 Kh8 26. Bb1 e5 27. Nh2 Bh4 28. Ng4 Qe6 29. Ba2 Qg6 30. c5 dxc5 31. Bf7 Qc6 32. Rf5 Rf8 33. bxc5 bxc5 34. Rh5 Rxf7 35. Rxh4 Kg8 36. Bxh6 Re8 37. Bxg7 Kxg7 38. Nh6 Re6 39. Nf5+ Kg8 40. Rf1 Rg6 41. Rh6 Rh7 42. Qa2+ c4 43. Rxg6+ Qxg6 44. Qxc4+ Kh8 45. Qxa4 Nf8 46. Qa5 Rf7 47. Qxe5+ Kh7 48. Qf4 Qh5 49. Rf3 Ng6 50. Qd2 Ne7 51. Rf4 Nxf5 52. exf5 1-0

[Event "GER-ch 2013-E-V3 serv"]
[Site "GER email"]
[Date "2013.??.??"]
[Round "?"]
[White "Gonschior, Manfred"]
[Black "Oehler, Rolf"]
[Result "1-0"]
[WhiteElo "2048"]
[BlackElo "2057"]
[PlyCount "48"]
[EventDate "2013.11.15"]
[EventType "tourn (corr)"]
[EventRounds "6"]
[EventCountry "GER"]
[SourceTitle "Corr 2015"]
[Source "ChessBase"]
[SourceDate "2015.07.17"]
[SourceVersion "1"]
[SourceVersionDate "2015.07.17"]
[SourceQuality "1"]

1. e4 e5 2. Nf3 Nc6 3. d4 exd4 4. Nxd4 Bc5 5. Nb3 Bb6 6. a4 a6 7. Nc3 d6 8. Nd5 Ba7 9. Be3 Bxe3 10. Nxe3 Nf6 11. Bd3 0-0 12. 0-0 Re8 13. f3 Be6 14. Qe1 Nh5 15. Qd2 Qf6 16. Bc4 Bxc4 17. Nxc4 Nf4 18. Kh1 h5 19. Ne3 Qxb2 20. g3 Ne6 21. Nd5 Qe5 22. Rae1 h4 23. f4 Qh5 24. f5 Nc5 1-0

[Event "GER-ch 2012-G-V3 serv"]
[Site "GER email"]
[Date "2013.??.??"]
[Round "?"]
[White "Gonschior, Manfred"]
[Black "Ries, Berthold"]
[Result "1/2-1/2"]
[WhiteElo "2131"]
[BlackElo "1853"]
[PlyCount "50"]
[EventDate "2012.12.01"]
[EventType "tourn (corr)"]
[EventRounds "6"]
[EventCountry "GER"]
[SourceTitle "Corr 2015"]
[Source "ChessBase"]
[SourceDate "2015.07.17"]
[SourceVersion "1"]
[SourceVersionDate "2015.07.17"]
[SourceQuality "1"]

1. e4 c5 2. Nf3 d6 3. d4 cxd4 4. Nxd4 Nf6 5. Nc3 a6 6. Bc4 e6 7. Bb3 Nbd7 8. 0-0 Nc5 9. Qf3 Be7 10. a3 0-0 11. Ba2 Qc7 12. Re1 b5 13. Qg3 Bb7 14. Bh6 Ne8 15. f3 Bf6 16. Be3 Be5 17. f4 Bf6 18. Bf2 e5 19. Nd5 Bxd5 20. Bxd5 Rc8 21. fxe5 Bxe5 22. Qf3 Nf6 23. c3 Nxd5 24. exd5 Bxd4 25. Bxd4 Nb3 1/2-1/2

[Event "GER-ch 2013-D-V3 serv"]
[Site "GER email"]
[Date "2013.??.??"]
[Round "?"]
[White "Gonschior, Manfred"]
[Black "Zitzmann, Johann"]
[Result "1-0"]
[WhiteElo "2120"]
[BlackElo "2083"]
[PlyCount "105"]
[EventDate "2013.10.20"]
[EventType "tourn (corr)"]
[EventRounds "6"]
[EventCountry "GER"]
[SourceTitle "Corr 2015"]
[Source "ChessBase"]
[SourceDate "2015.07.17"]
[SourceVersion "1"]
[SourceVersionDate "2015.07.17"]
[SourceQuality "1"]

1. e4 c5 2. Nf3 d6 3. d4 cxd4 4. Nxd4 Nf6 5. Nc3 a6 6. Bg5 e6 7. f4 Qb6 8. Nb3 Be7 9. Be2 h6 10. Bxf6 Bxf6 11. Qd3 0-0 12. 0-0-0 Nc6 13. Kb1 a5 14. Na4 Qb4 15. Qc4 Qxc4 16. Bxc4 Rb8 17. Nb6 Bd8 18. Nxc8 Rxc8 19. a4 Bc7 20. Rhf1 Rfd8 21. f5 exf5 22. Rxf5 Ne5 23. Bd5 Rb8 24. Nd4 Rd7 25. Nf3 Ng4 26. Rd3 Nf6 27. c3 Kh7 28. Kc2 Re7 29. h3 Bb6 30. Ba2 Rxe4 31. Rb5 Bd8 32. Bxf7 Rxa4 33. Rxd6 Re4 34. Nd4 Rf4 35. Kb3 Bc7 36. Re6 Rf2 37. Re7 Bd6 38. Rexb7 Rxb7 39. Rxb7 Ne4 40. Ne6 Rxg2 41. Bh5 Rg3 42. Kc4 Kh8 43. Kd5 Nf6+ 44. Kxd6 Nxh5 45. Rb8+ Kh7 46. Nf8+ Kg8 47. Nd7+ Kh7 48. c4 Rxh3 49. c5 Rd3+ 50. Kc7 g5 51. Rb7 Kg8 52. c6 Nf4 53. Kb6 1-0

[Event "GER-ch 2012-D-V4Ma serv"]
[Site "GER email"]
[Date "2012.08.13"]
[Round "?"]
[White "Gonschior, Manfred"]
[Black "Bars, Joachim"]
[Result "1/2-1/2"]
[WhiteElo "2131"]
[BlackElo "2273"]
[PlyCount "80"]
[EventDate "2012.08.13"]
[EventType "tourn (corr)"]
[EventRounds "6"]
[EventCountry "GER"]
[SourceTitle "Corr 2015"]
[Source "ChessBase"]
[SourceDate "2015.07.17"]
[SourceVersion "1"]
[SourceVersionDate "2015.07.17"]
[SourceQuality "1"]

1. e4 c5 2. Nf3 d6 3. d4 cxd4 4. Nxd4 Nf6 5. Nc3 a6 6. Be2 e5 7. Nb3 Be7 8. Be3 Be6 9. 0-0 Nbd7 10. a4 0-0 11. a5 Rc8 12. Qd2 Qc7 13. Rfd1 Rfd8 14. Qe1 h6 15. h3 Qc6 16. Bf3 Nh7 17. Nd2 Re8 18. Qe2 Red8 19. Nf1 Ng5 20. Bxg5 Bxg5 21. Bg4 Nf6 22. Bxe6 fxe6 23. Rd3 Qc5 24. Nh2 Re8 25. Nf3 Nh5 26. Qd1 Be7 27. Ra3 Bd8 28. Rxd6 Bxa5 29. Rd7 Red8 30. Kh2 Nf4 31. Rxd8+ Rxd8 32. Qf1 Ng6 33. Qe2 Bb6 34. Rb3 Rd7 35. Nd1 Nf4 36. Qe3 Qxc2 37. Rxb6 Qc7 38. Qb3 Rxd1 39. Rxe6 Nxe6 40. Qxd1 Nd4 1/2-1/2

[Event "GER-ch68 V02 email"]
[Site "GER email"]
[Date "2012.??.??"]
[Round "?"]
[White "Gonschior, Manfred"]
[Black "Bars, Joachim"]
[Result "1/2-1/2"]
[WhiteElo "2131"]
[BlackElo "2273"]
[PlyCount "84"]
[EventDate "2012.02.13"]
[EventType "tourn (corr)"]
[EventRounds "6"]
[EventCountry "GER"]
[SourceTitle "Corr 2015"]
[Source "ChessBase"]
[SourceDate "2015.07.17"]
[SourceVersion "1"]
[SourceVersionDate "2015.07.17"]
[SourceQuality "1"]

1. e4 c5 2. Nf3 Nc6 3. d4 cxd4 4. Nxd4 Nf6 5. Nc3 d6 6. Bg5 e6 7. Qd2 a6 8. Be2 Bd7 9. 0-0-0 b5 10. Nxc6 Bxc6 11. Qe3 Be7 12. e5 Nd5 13. Nxd5 Bxg5 14. Nc7+ Kf8 15. f4 Qxc7 16. fxg5 Bxg2 17. exd6 Qa7 18. Qxa7 Rxa7 19. Rhg1 Bc6 20. Rg3 Ke8 21. b3 h6 22. gxh6 Rxh6 23. Rxg7 Rxh2 24. Rd2 Rh8 25. c4 Rd7 26. c5 f5 27. Rg3 Rf7 28. Rg6 Kd7 29. a4 Rh1+ 30. Kb2 Rh8 31. Kc3 Rfh7 32. Kd4 bxa4 33. Bc4 axb3 34. Bxe6+ Kd8 35. Rb2 Rh4+ 36. Ke5 Re4+ 37. Kf6 Rb4 38. Rxb3 Rxb3 39. Bxb3 f4 40. Ke5 f3 41. Rf6 Re8+ 42. Kd4 Re4+ 1/2-1/2

[Event "GER-ch68 V02 email"]
[Site "GER email"]
[Date "2012.??.??"]
[Round "?"]
[White "Gonschior, Manfred"]
[Black "Kocks, Friedhelm"]
[Result "1-0"]
[WhiteElo "2131"]
[BlackElo "2097"]
[PlyCount "127"]
[EventDate "2012.02.13"]
[EventType "tourn (corr)"]
[EventRounds "6"]
[EventCountry "GER"]
[SourceTitle "Corr 2015"]
[Source "ChessBase"]
[SourceDate "2015.07.17"]
[SourceVersion "1"]
[SourceVersionDate "2015.07.17"]
[SourceQuality "1"]

1. e4 c5 2. Nf3 d6 3. d4 cxd4 4. Nxd4 Nf6 5. Nc3 a6 6. Bg5 Nc6 7. Qd2 h6 8. Bxf6 exf6 9. Bc4 Qb6 10. Nb3 Be7 11. Nd5 Qd8 12. 0-0 Ne5 13. Be2 0-0 14. Nd4 Re8 15. a4 Bf8 16. Rfe1 Be6 17. Nxe6 fxe6 18. Ne3 Qc7 19. g3 Rad8 20. f4 Nf7 21. Kh1 d5 22. exd5 exd5 23. Bf3 d4 24. Nd5 Rxe1+ 25. Rxe1 Qc5 26. b4 Qc4 27. Qd3 Qxd3 28. cxd3 Nd6 29. Nc7 Nf5 30. Ne6 Rd7 31. Rb1 Ne3 32. b5 Bd6 33. a5 g5 34. Kg1 gxf4 35. gxf4 f5 36. Kf2 Re7 37. Nd8 axb5 38. Nxb7 Bxf4 39. Rxb5 Rc7 40. Rc5 Bxh2 41. Rxc7 Bxc7 42. a6 Bb6 43. Nd6 Nc2 44. Ke2 Kf8 45. Nc8 Bc5 46. a7 Bxa7 47. Nxa7 Kf7 48. Kd2 Ne3 49. Nb5 Kf6 50. Nxd4 Ng4 51. Bb7 Ke5 52. Ne2 h5 53. d4+ Kf6 54. Ng1 h4 55. Bg2 Nf2 56. Ke3 Ng4+ 57. Ke2 Kg6 58. Kd3 Kf6 59. Kd2 Nf2 60. Ke2 Ng4 61. Nf3 f4 62. Nxh4 Ne3 63. Be4 Nc4 64. Ng6 1-0

[Event "GER-ch 2012-A-F serv"]
[Site "GER email"]
[Date "2012.??.??"]
[Round "?"]
[White "Gonschior, Manfred"]
[Black "Traut, Werner"]
[Result "1-0"]
[WhiteElo "2120"]
[BlackElo "2107"]
[PlyCount "73"]
[EventDate "2012.04.08"]
[EventType "tourn (corr)"]
[EventRounds "10"]
[EventCountry "GER"]
[SourceTitle "Corr 2015"]
[Source "ChessBase"]
[SourceDate "2015.07.17"]
[SourceVersion "1"]
[SourceVersionDate "2015.07.17"]
[SourceQuality "1"]

1. e4 c5 2. Nf3 Nc6 3. Nc3 g6 4. d4 cxd4 5. Nxd4 Bg7 6. Be3 Nf6 7. Bc4 0-0 8. Bb3 d6 9. f3 Bd7 10. Qd2 Rc8 11. Nxc6 bxc6 12. 0-0 Qc7 13. Bg5 Rb8 14. Rfe1 Rfe8 15. Rad1 Rb7 16. h3 Be6 17. Bxe6 fxe6 18. b3 Qa5 19. e5 Nd7 20. f4 d5 21. Kh1 c5 22. Qe3 Nb6 23. Ne2 Rf8 24. a4 Rf7 25. h4 Nd7 26. h5 gxh5 27. Ng3 c4 28. bxc4 Nb6 29. Nxh5 Nxc4 30. Qh3 Rb6 31. f5 Rxf5 32. Bxe7 Bxe5 33. Qg4+ Kf7 34. Rxe5 Nxe5 35. Qg7+ Ke8 36. Nf6+ Rxf6 37. Bxf6 1-0

[Event "GER-ch59 final email"]
[Site "GER email"]
[Date "2012.??.??"]
[Round "?"]
[White "Hahn, Werner"]
[Black "Gonschior, Manfred"]
[Result "1/2-1/2"]
[WhiteElo "1811"]
[BlackElo "2048"]
[PlyCount "122"]
[EventDate "2012.02.06"]
[EventType "tourn (corr)"]
[EventRounds "12"]
[EventCountry "GER"]
[SourceTitle "Corr 2015"]
[Source "ChessBase"]
[SourceDate "2015.07.17"]
[SourceVersion "1"]
[SourceVersionDate "2015.07.17"]
[SourceQuality "1"]

1. d4 d5 2. c4 e6 3. Nc3 Be7 4. cxd5 exd5 5. Bf4 c6 6. Qc2 Bd6 7. Bg3 Ne7 8. e3 Bf5 9. Qb3 Nc8 10. Nf3 Qb6 11. Nh4 Qxb3 12. axb3 Be6 13. Bd3 Nd7 14. Bxd6 Nxd6 15. b4 0-0 16. b5 c5 17. Nf3 c4 18. Bc2 Nf6 19. Ra5 b6 20. Ra2 Bd7 21. Ne5 Be8 22. Ba4 Nde4 23. f3 Nxc3 24. bxc3 a6 25. bxa6 Rxa6 26. Bb3 Rxa2 27. Bxa2 Bb5 28. Kd2 Ra8 29. Bb1 Ne8 30. e4 f6 31. Ng4 dxe4 32. fxe4 Bc6 33. Re1 Ra5 34. h4 Nd6 35. g3 Nxe4+ 36. Bxe4 Bxe4 37. Nxf6+ gxf6 38. Rxe4 Ra2+ 39. Kc1 Kf7 40. d5 b5 41. g4 h6 42. h5 Ra7 43. Kb2 Rd7 44. Rd4 Ra7 45. Rd2 Ke7 46. Rf2 Ra8 47. d6+ Ke6 48. Rf5 Rg8 49. d7 Ke7 50. Ka3 Kxd7 51. Rxf6 Rxg4 52. Rxh6 Rg5 53. Kb4 Kc7 54. Rh8 Rd5 55. h6 Rh5 56. Ka5 Kb7 57. h7 Ka7 58. Rc8 Rxh7 59. Kxb5 Kb7 60. Rxc4 Rh5+ 61. Rc5 Rh4 1/2-1/2

[Event "GER-ch 2012-C-V3 serv"]
[Site "GER email"]
[Date "2012.??.??"]
[Round "?"]
[White "Klapp, Herwig"]
[Black "Gonschior, Manfred"]
[Result "1/2-1/2"]
[WhiteElo "2215"]
[BlackElo "2131"]
[PlyCount "72"]
[EventDate "2012.07.12"]
[EventType "tourn (corr)"]
[EventRounds "6"]
[EventCountry "GER"]
[SourceTitle "Corr 2015"]
[Source "ChessBase"]
[SourceDate "2015.07.17"]
[SourceVersion "1"]
[SourceVersionDate "2015.07.17"]
[SourceQuality "1"]

1. e4 e5 2. Nf3 Nc6 3. Bb5 a6 4. Ba4 Nf6 5. 0-0 b5 6. Bb3 Bb7 7. c3 Be7 8. d4 d6 9. Nbd2 0-0 10. Re1 Re8 11. Nf1 g6 12. h3 exd4 13. cxd4 Na5 14. Bc2 Bf8 15. Ng3 c5 16. d5 Bg7 17. Rb1 Nc4 18. b3 Ne5 19. Nxe5 Rxe5 20. Bb2 Re8 21. Qd2 Rc8 22. Bd3 Rb8 23. a4 Bc8 24. axb5 axb5 25. Rbc1 Nd7 26. Bxg7 Kxg7 27. Ra1 Qf6 28. Ra5 b4 29. Rc1 Nb6 30. Rca1 Bb7 31. R1a2 Ra8 32. Rxa8 Rxa8 33. Rxa8 Bxa8 34. Bf1 Bb7 35. Qa2 Nxd5 36. exd5 Bxd5 1/2-1/2

[Event "GER-ch68 V01 email"]
[Site "GER email"]
[Date "2012.??.??"]
[Round "?"]
[White "Mueller, Detlef"]
[Black "Gonschior, Manfred"]
[Result "1/2-1/2"]
[WhiteElo "2093"]
[BlackElo "2131"]
[PlyCount "99"]
[EventDate "2012.02.13"]
[EventType "tourn (corr)"]
[EventRounds "6"]
[EventCountry "GER"]
[SourceTitle "Corr 2015"]
[Source "ChessBase"]
[SourceDate "2015.07.17"]
[SourceVersion "1"]
[SourceVersionDate "2015.07.17"]
[SourceQuality "1"]

1. b4 e5 2. Bb2 Bxb4 3. Bxe5 Nf6 4. e3 0-0 5. Nf3 d5 6. c4 Bf5 7. Nc3 Nbd7 8. Bxf6 Nxf6 9. Qb3 Bxc3 10. Qxc3 Re8 11. Be2 Ne4 12. Qb2 dxc4 13. Bxc4 Nd6 14. Be2 c5 15. 0-0 Rc8 16. Rfc1 Be6 17. a4 Qa5 18. d3 b6 19. Nd2 Red8 20. Rd1 Bd7 21. Qc2 Bf5 22. Qb3 Qb4 23. Qa2 Be6 24. Qc2 Qh4 25. Qb2 Qe7 26. Rac1 Qb7 27. Ra1 h6 28. Qa3 Ne8 29. Nf3 Bd5 30. Rdc1 Qe7 31. h3 Rc7 32. Nd2 Nd6 33. a5 Be6 34. axb6 axb6 35. Nf3 Bd5 36. Qb2 b5 37. e4 Bb7 38. Ra7 b4 39. Ra5 Rdc8 40. Nd2 Bd5 41. Bg4 Be6 42. Bxe6 Qxe6 43. d4 c4 44. Qxb4 c3 45. Nf1 Rc4 46. Qb3 Rxd4 47. Rxc3 Qxb3 48. Rxb3 Nxe4 49. Rba3 Rc2 50. f3 1/2-1/2

[Event "GER-ch 2012-D-V4Ma serv"]
[Site "GER email"]
[Date "2012.??.??"]
[Round "?"]
[White "Wittenberg, Gerd"]
[Black "Gonschior, Manfred"]
[Result "1/2-1/2"]
[WhiteElo "1918"]
[BlackElo "2131"]
[PlyCount "47"]
[EventDate "2012.08.13"]
[EventType "tourn (corr)"]
[EventRounds "6"]
[EventCountry "GER"]
[SourceTitle "Corr 2015"]
[Source "ChessBase"]
[SourceDate "2015.07.17"]
[SourceVersion "1"]
[SourceVersionDate "2015.07.17"]
[SourceQuality "1"]

1. d4 d5 2. c4 e6 3. Nf3 Nf6 4. Nc3 Be7 5. Bf4 0-0 6. e3 c5 7. dxc5 Bxc5 8. cxd5 exd5 9. Be2 Nc6 10. 0-0 Be6 11. Nb5 Rc8 12. Rc1 Ne4 13. Ng5 Nxg5 14. Rxc5 Ne4 15. Rc1 g5 16. Bg3 Qb6 17. b3 Nxg3 18. hxg3 Rfd8 19. Qd2 h6 20. Nd4 Nxd4 21. exd4 Rxc1 22. Rxc1 Rc8 23. Rxc8+ Bxc8 24. Qe3 1/2-1/2

[Event "GER-ch44 V02 email"]
[Site "GER email"]
[Date "2011.??.??"]
[Round "?"]
[White "Drobka, Manfred"]
[Black "Gonschior, Manfred"]
[Result "1/2-1/2"]
[WhiteElo "2187"]
[BlackElo "2131"]
[PlyCount "61"]
[EventDate "2012.??.??"]
[EventType "tourn (corr)"]
[EventRounds "10"]
[EventCountry "GER"]
[SourceTitle "Corr 2015"]
[Source "ChessBase"]
[SourceDate "2015.07.17"]
[SourceVersion "1"]
[SourceVersionDate "2015.07.17"]
[SourceQuality "1"]

1. e4 e5 2. Nf3 Nf6 3. Nxe5 d6 4. Nf3 Nxe4 5. d4 d5 6. Bd3 Be7 7. 0-0 Nc6 8. c4 Nf6 9. Nc3 0-0 10. Re1 dxc4 11. Bxc4 Bg4 12. d5 Na5 13. Be2 c6 14. h3 Bh5 15. dxc6 Nxc6 16. Qb3 Qc7 17. Bg5 Rae8 18. Rad1 Qc8 19. Rc1 Qb8 20. Be3 Bd6 21. Rcd1 h6 22. Nd5 Re6 23. Nxf6+ Rxf6 24. Nd4 Bxe2 25. Rxe2 Bc5 26. Nxc6 Rxc6 27. Bxc5 Rxc5 28. g3 a6 29. Rd7 b5 30. Ree7 Qa8 31. Rb7 1/2-1/2

[Event "GER-ch43 V04 email"]
[Site "GER email"]
[Date "2011.??.??"]
[Round "?"]
[White "Gonschior, Manfred"]
[Black "Isigkeit, Hans Juergen"]
[Result "1/2-1/2"]
[WhiteElo "2085"]
[BlackElo "2376"]
[PlyCount "53"]
[EventDate "2011.04.18"]
[EventType "tourn (corr)"]
[EventRounds "8"]
[EventCountry "GER"]
[SourceTitle "Corr 2015"]
[Source "ChessBase"]
[SourceDate "2015.07.17"]
[SourceVersion "1"]
[SourceVersionDate "2015.07.17"]
[SourceQuality "1"]

1. e4 c5 2. Nf3 Nc6 3. d4 cxd4 4. Nxd4 Nf6 5. Nc3 e5 6. Ndb5 d6 7. Bg5 a6 8. Na3 b5 9. Bxf6 gxf6 10. Nd5 f5 11. Bd3 Be6 12. 0-0 Bxd5 13. exd5 Ne7 14. c3 Bg7 15. Qh5 e4 16. Bc2 0-0 17. Rae1 Qc8 18. Kh1 b4 19. cxb4 Bxb2 20. Re3 Bg7 21. Bb3 a5 22. g4 a4 23. Bc4 fxg4 24. Rxe4 Ng6 25. Rxg4 Re8 26. Rg3 Re4 27. Bd3 1/2-1/2

[Event "GER-ch64 V03 email"]
[Site "GER email"]
[Date "2011.??.??"]
[Round "?"]
[White "Gonschior, Manfred"]
[Black "Mueller, Siegfried"]
[Result "1/2-1/2"]
[WhiteElo "2085"]
[BlackElo "1830"]
[PlyCount "44"]
[EventDate "2011.06.17"]
[EventType "tourn (corr)"]
[EventRounds "6"]
[EventCountry "GER"]
[SourceTitle "Corr 2015"]
[Source "ChessBase"]
[SourceDate "2015.07.17"]
[SourceVersion "1"]
[SourceVersionDate "2015.07.17"]
[SourceQuality "1"]

1. e4 Nc6 2. Nf3 e5 3. d4 exd4 4. Nxd4 Bc5 5. Nb3 Bb6 6. a4 a6 7. Nc3 Qh4 8. Qe2 Nge7 9. Nd5 Nxd5 10. exd5+ Ne7 11. a5 Ba7 12. g3 Qf6 13. Bg2 0-0 14. Be3 Bxe3 15. Qxe3 d6 16. 0-0 Re8 17. Qd4 Qxd4 18. Nxd4 Bd7 19. Rfe1 Nf5 20. Nxf5 Bxf5 21. c3 g6 22. f4 Rxe1+ 1/2-1/2

[Event "GER-ch60 V04 email"]
[Site "GER email"]
[Date "2011.??.??"]
[Round "?"]
[White "Grehling, Martin"]
[Black "Gonschior, Manfred"]
[Result "0-1"]
[WhiteElo "2190"]
[BlackElo "2112"]
[PlyCount "72"]
[EventDate "2011.??.??"]
[EventType "tourn (corr)"]
[EventRounds "6"]
[EventCountry "GER"]
[SourceTitle "Corr 2015"]
[Source "ChessBase"]
[SourceDate "2015.07.17"]
[SourceVersion "1"]
[SourceVersionDate "2015.07.17"]
[SourceQuality "1"]

1. d4 d5 2. c4 e6 3. Nc3 Nf6 4. Nf3 Be7 5. Bf4 0-0 6. e3 Nbd7 7. Rc1 c6 8. Bd3 dxc4 9. Bxc4 Nd5 10. Bg3 Nxc3 11. bxc3 b6 12. 0-0 Bb7 13. Qc2 c5 14. Rfd1 Nf6 15. Ne5 cxd4 16. Rxd4 Qc8 17. Rcd1 Rd8 18. Bd3 h6 19. c4 Qc5 20. Be2 Qa5 21. Bf3 Rxd4 22. exd4 Bxf3 23. Nxf3 Rc8 24. Bh4 Qa6 25. Ne5 Bf8 26. Qe2 Ne8 27. Rc1 Nd6 28. f4 Rc7 29. Bf2 Qc8 30. c5 Nb7 31. c6 Bd6 32. Qe4 Na5 33. Be1 f5 34. Qe3 Bxe5 35. Qxe5 Rxc6 36. Rd1 Nc4 0-1

[Event "GER-ch42 V03 email"]
[Site "GER email"]
[Date "2011.??.??"]
[Round "?"]
[White "Lelgemann, Ludwig"]
[Black "Gonschior, Manfred"]
[Result "0-1"]
[WhiteElo "2075"]
[BlackElo "2085"]
[PlyCount "106"]
[EventDate "2010.??.??"]
[EventType "tourn (corr)"]
[EventRounds "12"]
[EventCountry "GER"]
[SourceTitle "Corr 2015"]
[Source "ChessBase"]
[SourceDate "2015.07.17"]
[SourceVersion "1"]
[SourceVersionDate "2015.07.17"]
[SourceQuality "1"]

1. d4 d5 2. c4 e6 3. Nc3 Nf6 4. Bg5 Be7 5. Nf3 h6 6. Bh4 0-0 7. e3 b6 8. Be2 Bb7 9. Rc1 Nbd7 10. cxd5 exd5 11. 0-0 Ne4 12. Bxe7 Qxe7 13. Qb3 c6 14. Rfd1 Nd6 15. Bd3 Rfe8 16. h3 Rac8 17. Qa3 a5 18. Na4 c5 19. dxc5 bxc5 20. Bf1 Nc4 21. Qc3 Nd6 22. Qb3 Qf6 23. Qa3 Ne4 24. Bd3 d4 25. Bxe4 Bxe4 26. exd4 cxd4 27. Rxc8 Rxc8 28. Nxd4 Rc4 29. Ne2 Ne5 30. Nac3 Bxg2 31. Qxa5 Bxh3 32. Qd8+ Qxd8 33. Rxd8+ Kh7 34. f4 Nc6 35. Rd6 Bg4 36. b3 Rc5 37. Kf2 h5 38. a3 h4 39. b4 Rc4 40. b5 Na5 41. Ra6 Nb7 42. Rc6 Bxe2 43. Nxe2 Ra4 44. Ra6 Rc4 45. Kf3 f5 46. Rb6 Na5 47. Rd6 Ra4 48. Rd3 Nc4 49. Kg2 Kh6 50. Nd4 Kh5 51. Kh3 Nb2 52. Rb3 Rxd4 53. a4 Rd2 0-1